[Event "Avoine op 34th"]
[Site "Avoine"]
[Date "2019.07.24"]
[Round "5"]
[White "Viers, Mathieu"]
[Black "Dionisi, Thomas"]
[Result "0-1"]
[WhiteElo "2144"]
[BlackElo "2405"]
[PlyCount "36"]
[EventDate "2019.07.20"]
[EventType "swiss"]
[EventRounds "9"]
[EventCountry "FRA"]
[SourceTitle "EXT 2020"]
[Source "ChessBase"]
[SourceDate "2019.10.17"]
[SourceVersion "1"]
[SourceVersionDate "2019.10.17"]
[SourceQuality "1"]

1. e4 e5 2. Nf3 Nc6 3. Bc4 Bc5 4. c3 Nf6 5. d3 a6 6. Bb3 Ba7 7. 0-0 d6 8. Nbd2 h6 9. Re1 g5 10. d4 g4 11. dxe5 gxf3 12. exf6 fxg2 13. e5 Nxe5 14. Qf3 Be6 15. Qxb7 Bb6 16. Nf3 Rb8 17. Qe4 Qxf6 18. Bxe6 Qxf3 0-1

[Event "Avoine op 34th"]
[Site "Avoine"]
[Date "2019.07.20"]
[Round "4"]
[White "Delbergue, Alexis"]
[Black "Viers, Mathieu"]
[Result "0-1"]
[WhiteElo "1915"]
[BlackElo "2144"]
[PlyCount "72"]
[EventDate "2019.07.20"]
[EventType "swiss"]
[EventRounds "9"]
[EventCountry "FRA"]
[SourceTitle "EXT 2020"]
[Source "ChessBase"]
[SourceDate "2019.10.17"]
[SourceVersion "1"]
[SourceVersionDate "2019.10.17"]
[SourceQuality "1"]

1. d4 Nf6 2. Bf4 g6 3. Nc3 d6 4. e4 c6 5. Qd2 b5 6. Bd3 Qb6 7. e5 dxe5 8. dxe5 Nd5 9. Nxd5 cxd5 10. Be3 Qb7 11. Ne2 Bg7 12. f4 0-0 13. Nd4 a6 14. Qf2 Nc6 15. Nxc6 Qxc6 16. Bd4 f6 17. Qg3 fxe5 18. fxe5 Bf5 19. 0-0 Bxd3 20. cxd3 e6 21. Rfc1 Qd7 22. Bc5 Rf5 23. Bd6 Rc8 24. Qe3 Bf8 25. Rxc8 Qxc8 26. Rc1 Qd8 27. Rc6 a5 28. Qa7 Qh4 29. g3 Qg4 30. Rc1 Qe2 31. Qd4 h5 32. Bxf8 Rxf8 33. h3 Kg7 34. h4 Rf3 35. Qa7+ Kh6 36. Kh1 Rxg3 0-1

[Event "Avoine op 33rd"]
[Site "Avoine"]
[Date "2018.07.26"]
[Round "6"]
[White "Viers, Mathieu"]
[Black "Vallet, Marc"]
[Result "1/2-1/2"]
[WhiteElo "2028"]
[BlackElo "2182"]
[PlyCount "71"]
[EventDate "2018.07.21"]
[EventType "swiss"]
[EventRounds "9"]
[EventCountry "FRA"]
[SourceTitle "CBM 185 Extra"]
[Source "ChessBase"]
[SourceDate "2018.07.29"]
[SourceVersion "1"]
[SourceVersionDate "2018.07.29"]
[SourceQuality "1"]

1. e4 Nf6 2. e5 Nd5 3. d4 d6 4. Nf3 Nb6 5. c4 g6 6. exd6 cxd6 7. Be2 Bg7 8. 0-0 0-0 9. Be3 Nc6 10. Nc3 Bg4 11. b3 d5 12. c5 Nc8 13. b4 Bxf3 14. Bxf3 e6 15. b5 N6e7 16. Qb3 Nf5 17. Rad1 Nce7 18. Ne2 Nh4 19. Bg5 Nxf3+ 20. Qxf3 h6 21. Bf4 Nf5 22. g4 Nh4 23. Qe3 Kh7 24. Bg3 Bf6 25. f4 Kg7 26. Bxh4 Bxh4 27. Ng3 Bxg3 28. Qxg3 Qa5 29. f5 gxf5 30. gxf5+ Kh7 31. Qe5 Rg8+ 32. Kh1 Qxa2 33. Rg1 Qf2 34. h3 Qf3+ 35. Kh2 Qf2+ 36. Kh1 1/2-1/2

[Event "Avoine op 33rd"]
[Site "Avoine"]
[Date "2018.07.22"]
[Round "2"]
[White "Viers, Mathieu"]
[Black "Gao, Etienne"]
[Result "0-1"]
[WhiteElo "2028"]
[BlackElo "2249"]
[PlyCount "92"]
[EventDate "2018.07.21"]
[EventType "swiss"]
[EventRounds "9"]
[EventCountry "FRA"]
[SourceTitle "CBM 185 Extra"]
[Source "ChessBase"]
[SourceDate "2018.07.29"]
[SourceVersion "1"]
[SourceVersionDate "2018.07.29"]
[SourceQuality "1"]

1. e4 c5 2. Nf3 d6 3. d4 cxd4 4. Nxd4 Nf6 5. Nc3 a6 6. f3 e5 7. Nb3 Be6 8. Be3 Be7 9. Be2 h5 10. Qd2 Nbd7 11. 0-0 0-0 12. Nd5 Bxd5 13. exd5 Rc8 14. Na5 Qc7 15. c4 Bd8 16. b4 Qb8 17. Nb3 Bb6 18. Bxb6 Nxb6 19. Rfc1 Rfe8 20. Qe3 Nbd7 21. Na5 e4 22. f4 Nf8 23. h3 h4 24. a4 Ng6 25. b5 Qc7 26. Nb3 Qd7 27. Nd4 a5 28. b6 Ne7 29. Qc3 Nexd5 30. Qxa5 Rc5 31. Qe1 Nxf4 32. Qxh4 Nxe2+ 33. Nxe2 Qc6 34. Nd4 Qxb6 35. Rab1 Qa7 36. Kh2 Rh5 37. Nb5 Rxh4 38. Nxa7 e3 39. g4 Ne4 40. Nb5 Re6 41. Kg2 Reh6 42. Nd4 Rxh3 43. Nf5 Rh2+ 44. Kf3 Nd2+ 45. Kf4 R6h3 46. Rxb7 Rf2+ 0-1

[Event "Wasselonne op 21st"]
[Site "Wasselonne"]
[Date "2017.08.03"]
[Round "1"]
[White "Mirzoev, Azer"]
[Black "Viers, Mathieu"]
[Result "1-0"]
[WhiteElo "2535"]
[BlackElo "1996"]
[PlyCount "81"]
[EventDate "2017.08.03"]
[EventType "swiss"]
[EventRounds "7"]
[EventCountry "FRA"]
[SourceTitle "CBM 179 Extra"]
[Source "ChessBase"]
[SourceDate "2017.08.23"]
[SourceVersion "1"]
[SourceVersionDate "2017.08.23"]
[SourceQuality "1"]

1. Nf3 Nf6 2. c4 g6 3. b4 a5 4. b5 d6 5. d4 Bg7 6. Bb2 0-0 7. e3 e5 8. Be2 b6 9. dxe5 Ng4 10. Qd5 Ra7 11. h3 Bb7 12. Qd2 Nxe5 13. Nc3 a4 14. 0-0-0 Nbd7 15. Nxe5 Nxe5 16. f4 a3 17. Ba1 Bxg2 18. fxe5 Bxh1 19. Rxh1 Bxe5 20. Kc2 Qh4 21. Kb3 Re8 22. Bf3 c6 23. Bxc6 Re6 24. Bd5 Rf6 25. Ne4 Bxa1 26. Rxa1 Rf3 27. Re1 Rxh3 28. Re2 Re7 29. Qd4 Re5 30. Kxa3 Kg7 31. Qb2 f6 32. Qd4 f5 33. Qxb6 Rxe4 34. Bxe4 Qxe4 35. Kb4 Rh4 36. Qd4+ Qxd4 37. exd4 Rxd4 38. b6 d5 39. b7 Rxc4+ 40. Kb5 Rc1 41. Rb2 1-0

[Event "Andorra op 34th"]
[Site "Escaldes"]
[Date "2016.08.03"]
[Round "1"]
[White "Barbot, Pierre"]
[Black "Viers, Mathieu"]
[Result "1-0"]
[WhiteElo "2444"]
[BlackElo "1915"]
[PlyCount "69"]
[EventDate "2016.08.03"]
[EventType "swiss"]
[EventRounds "9"]
[EventCountry "AND"]
[SourceTitle "CBM 173 Extra"]
[Source "ChessBase"]
[SourceDate "2016.08.29"]
[SourceVersion "1"]
[SourceVersionDate "2016.08.29"]
[SourceQuality "1"]

1. d4 Nf6 2. c4 g6 3. Nc3 Bg7 4. e4 d6 5. Bd3 0-0 6. Nge2 e5 7. d5 Nbd7 8. 0-0 Nc5 9. Bc2 a5 10. Rb1 Ne8 11. a3 f5 12. exf5 gxf5 13. b4 axb4 14. axb4 Nd7 15. f4 e4 16. Nd4 Qf6 17. Nce2 Nb6 18. Bb3 Bd7 19. c5 Na4 20. Qc2 b5 21. c6 Bc8 22. Nxb5 Nb6 23. Be3 Ba6 24. Nxc7 Nxc7 25. Bxb6 Bd3 26. Qd2 Bxb1 27. Rxb1 Nb5 28. Rc1 Ra1 29. Bc4 Na7 30. Be3 Ra8 31. b5 Nxb5 32. Bxb5 Qd8 33. h3 R8a2 34. Qxa2 Rxa2 35. c7 1-0

[Event "Avoine op 31st"]
[Site "Avoine"]
[Date "2016.07.27"]
[Round "5"]
[White "Viers, Mathieu"]
[Black "Mevel, Alberic"]
[Result "1-0"]
[WhiteElo "1915"]
[BlackElo "2206"]
[PlyCount "49"]
[EventDate "2016.07.23"]
[EventType "swiss"]
[EventRounds "9"]
[EventCountry "FRA"]
[SourceTitle "CBM 173 Extra"]
[Source "ChessBase"]
[SourceDate "2016.08.29"]
[SourceVersion "1"]
[SourceVersionDate "2016.08.29"]
[SourceQuality "1"]

1. e4 d5 2. exd5 Nf6 3. d4 Bg4 4. Bb5+ Nbd7 5. f3 Bf5 6. Nc3 a6 7. Ba4 b5 8. Bb3 Nb6 9. Nge2 Nfxd5 10. Nxd5 Nxd5 11. 0-0 e6 12. Ng3 Bg6 13. f4 Be7 14. f5 exf5 15. Nxf5 Bxf5 16. Rxf5 Nf6 17. Bg5 0-0 18. Qd3 Nd7 19. Be3 g6 20. Rf2 c5 21. Bd5 cxd4 22. Bh6 Ne5 23. Qe2 Ng4 24. Bxf8 Nxf2 25. Bxe7 1-0

[Event "Avoine op 31st"]
[Site "Avoine"]
[Date "2016.07.25"]
[Round "3"]
[White "Viers, Mathieu"]
[Black "Kassis, Antoine1111"]
[Result "0-1"]
[WhiteElo "1915"]
[BlackElo "2148"]
[PlyCount "52"]
[EventDate "2016.07.23"]
[EventType "swiss"]
[EventRounds "9"]
[EventCountry "FRA"]
[SourceTitle "CBM 173 Extra"]
[Source "ChessBase"]
[SourceDate "2016.08.29"]
[SourceVersion "1"]
[SourceVersionDate "2016.08.29"]
[SourceQuality "1"]

1. e4 e5 2. Nf3 Nc6 3. Bc4 Nf6 4. d3 h6 5. c3 d6 6. 0-0 g6 7. d4 Qe7 8. Re1 Bg7 9. Nbd2 0-0 10. h3 Bd7 11. Nf1 Rae8 12. Ng3 Qd8 13. b4 a6 14. a4 exd4 15. cxd4 Nxb4 16. Ba3 a5 17. Bxb4 axb4 18. e5 Nh7 19. Qc2 Kh8 20. exd6 Rxe1+ 21. Rxe1 cxd6 22. Qb3 Ng5 23. Nxg5 Qxg5 24. Qxb4 Bxd4 25. Ne4 Qf4 26. Qxd6 Bxf2+ 0-1

[Event "FRA-ch U26 rapid"]
[Site "Chalons en Champagne"]
[Date "2015.03.28"]
[Round "4"]
[White "Loiseau, Quentin"]
[Black "Viers, Mathieu"]
[Result "1-0"]
[WhiteElo "2630"]
[BlackElo "2070"]
[PlyCount "67"]
[EventDate "2015.03.28"]
[EventType "swiss (rapid)"]
[EventRounds "9"]
[EventCountry "FRA"]
[SourceTitle "CBM 165 Extra"]
[Source "ChessBase"]
[SourceDate "2015.04.21"]
[SourceVersion "1"]
[SourceVersionDate "2015.04.21"]
[SourceQuality "1"]

1. Nf3 Nf6 2. g3 g6 3. Bg2 Bg7 4. 0-0 0-0 5. c4 d6 6. d4 Na6 7. Nc3 c5 8. b3 Bf5 9. Bb2 Qd7 10. Re1 cxd4 11. Nxd4 Nc5 12. Nxf5 Qxf5 13. b4 Nce4 14. Nxe4 Nxe4 15. Bxg7 Kxg7 16. Qd4+ Nf6 17. Bxb7 Rab8 18. Bg2 Rxb4 19. Qxa7 Qe6 20. c5 dxc5 21. Qxc5 Rb2 22. a4 Rc8 23. Qd4 Rcc2 24. a5 Qa6 25. Be4 e5 26. Qd3 Qxd3 27. Bxd3 Rc7 28. a6 Ra7 29. Reb1 Rd2 30. Kf1 e4 31. Ke1 exd3 32. Kxd2 dxe2 33. Rb7 Ra8 34. Kxe2 1-0

[Event "Chateauroux op 15th"]
[Site "Chateauroux"]
[Date "2014.10.29"]
[Round "7"]
[White "Viers, Mathieu"]
[Black "Chaudagne, Christophe"]
[Result "0-1"]
[WhiteElo "1794"]
[BlackElo "2108"]
[PlyCount "128"]
[EventDate "2014.10.25"]
[EventType "swiss"]
[EventRounds "7"]
[EventCountry "FRA"]
[SourceTitle "EXT 2015"]
[Source "ChessBase"]
[SourceDate "2014.11.20"]
[SourceVersion "1"]
[SourceVersionDate "2014.11.20"]
[SourceQuality "1"]

1. e4 e6 2. d4 d5 3. Nd2 h6 4. c3 Nf6 5. e5 Nfd7 6. Bd3 c5 7. Ne2 b6 8. 0-0 Ba6 9. Bb1 Nc6 10. Nf3 cxd4 11. cxd4 Rc8 12. Re1 Bb4 13. Bd2 Bxd2 14. Qxd2 Bxe2 15. Qxe2 Qe7 16. a3 Na5 17. Bc2 Nb8 18. Qd3 Qb7 19. Rac1 Nc4 20. Nd2 b5 21. b4 Nc6 22. Nb3 Qb6 23. Nc5 a5 24. f4 axb4 25. f5 Nxd4 26. Qxd4 Qxc5 27. Qxc5 Rxc5 28. axb4 Rc6 29. fxe6 fxe6 30. Bg6+ Ke7 31. Ra1 Rhc8 32. Ra7+ R6c7 33. Ra6 Rc6 34. Ra7+ R8c7 35. Ra8 Nxe5 36. Rxe5 Kf6 37. Re3 Kxg6 38. Rb8 Rc1+ 39. Kf2 R7c2+ 40. Kf3 Rc3 41. Rxb5 Rxe3+ 42. Kxe3 Kf5 43. Rb7 g5 44. Kd4 Rc4+ 45. Ke3 Ke5 46. b5 d4+ 47. Kd3 Rc3+ 48. Kd2 Ke4 49. Rb6 Kd5 50. Rb8 e5 51. b6 Ke4 52. Rh8 Rb3 53. Rxh6 Kf5 54. Kc2 Rb4 55. h3 e4 56. g4+ Kf4 57. Rf6+ Ke3 58. h4 gxh4 59. g5 d3+ 60. Kc3 Rb5 61. g6 d2 62. Rd6 Rxb6 63. g7 Rb8 64. Rxd2 Rc8+ 0-1

[Event "FRA-ch U18"]
[Site "Montbeliard"]
[Date "2014.04.21"]
[Round "1"]
[White "Giroyan, Gary"]
[Black "Viers, Mathieu"]
[Result "1-0"]
[WhiteElo "2385"]
[BlackElo "1728"]
[PlyCount "51"]
[EventDate "2014.04.21"]
[EventType "swiss"]
[EventRounds "9"]
[EventCountry "FRA"]
[SourceTitle "CBM 160 Extra"]
[Source "ChessBase"]
[SourceDate "2014.07.01"]
[SourceVersion "1"]
[SourceVersionDate "2014.07.01"]
[SourceQuality "1"]

1. d4 d6 2. c4 Nf6 3. Nc3 g6 4. e4 Bg7 5. Nf3 0-0 6. Be2 Nc6 7. 0-0 e5 8. d5 Ne7 9. a4 Nh5 10. a5 Nf4 11. Bxf4 exf4 12. Nd4 c5 13. dxc6 bxc6 14. Bf3 Be6 15. Nxe6 fxe6 16. Bg4 Rf6 17. e5 dxe5 18. Ne4 Rf8 19. Bxe6+ Kh8 20. Nd6 Qc7 21. c5 Bf6 22. b4 Kg7 23. Qf3 e4 24. Qxe4 Bxa1 25. Rxa1 Ng8 26. Qe5+ 1-0

[Event "FRA-chT U20"]
[Site "Limoges"]
[Date "2014.03.16"]
[Round "2"]
[White "Richard, Francois"]
[Black "Viers, Mathieu"]
[Result "1-0"]
[WhiteElo "1851"]
[BlackElo "1728"]
[PlyCount "59"]
[EventDate "2014.03.15"]
[EventType "team-match"]
[EventRounds "3"]
[EventCountry "FRA"]
[SourceTitle "EXT 2015"]
[Source "ChessBase"]
[SourceDate "2014.11.20"]
[SourceVersion "1"]
[SourceVersionDate "2014.11.20"]
[SourceQuality "1"]
[WhiteTeam "Nancy"]
[BlackTeam "Limoges"]
[WhiteTeamCountry "FRA"]
[BlackTeamCountry "FRA"]

1. d4 d6 2. c4 Nf6 3. Nc3 g6 4. e4 Bg7 5. f4 b6 6. Nf3 c5 7. d5 0-0 8. Bd3 e6 9. dxe6 fxe6 10. e5 Nbd7 11. exf6 Nxf6 12. 0-0 Bb7 13. Re1 Qd7 14. Ng5 Rae8 15. Bc2 Qc6 16. Qe2 Re7 17. Ba4 Qc8 18. Nb5 Ne8 19. Qg4 a6 20. Nc3 Nf6 21. Qh3 Nh5 22. Rxe6 Bd4+ 23. Kh1 Rxf4 24. Bxf4 Nxf4 25. Rxe7 Qxh3 26. Re8+ Kg7 27. Re7+ Kf6 28. Nce4+ Kxe7 29. Nxh3 Nxh3 30. Re1 1-0

[Event "FRA-chT U20"]
[Site "Limoges"]
[Date "2014.03.16"]
[Round "3"]
[White "Viers, Mathieu"]
[Black "Saab, Rayane"]
[Result "1-0"]
[WhiteElo "1728"]
[BlackElo "1510"]
[PlyCount "103"]
[EventDate "2014.03.15"]
[EventType "team-match"]
[EventRounds "3"]
[EventCountry "FRA"]
[SourceTitle "EXT 2015"]
[Source "ChessBase"]
[SourceDate "2014.11.20"]
[SourceVersion "1"]
[SourceVersionDate "2014.11.20"]
[SourceQuality "1"]
[WhiteTeam "Limoges"]
[BlackTeam "Bischwiller"]
[WhiteTeamCountry "FRA"]
[BlackTeamCountry "FRA"]

1. e4 e5 2. Nf3 Nc6 3. Bc4 Bc5 4. c3 Nf6 5. d3 d5 6. exd5 Nxd5 7. 0-0 0-0 8. Nbd2 a6 9. Bb3 Nf4 10. Ne4 Be7 11. Bxf4 exf4 12. h3 Be6 13. Bc2 f5 14. Ned2 b5 15. d4 b4 16. Re1 Qd7 17. c4 Bf7 18. d5 Na5 19. Bxf5 Qxf5 20. Rxe7 Rac8 21. Re5 Qd3 22. Rc1 Rce8 23. Rxe8 Rxe8 24. Qa4 Nb7 25. Qc6 Nd8 26. Qxc7 Qf5 27. Re1 Qf6 28. Rxe8+ Bxe8 29. Ne5 Nf7 30. Nxf7 Qxf7 31. Qxf7+ Kxf7 32. Kf1 Ke7 33. Ke2 Kd6 34. Kd3 Bf7 35. Kd4 Bg6 36. Ne4+ Ke7 37. c5 Kd7 38. c6+ Kc7 39. Nc5 a5 40. Ne6+ Kd6 41. c7 Kd7 42. Kc5 Kc8 43. Kd6 Bf5 44. Ke7 Be4 45. d6 Bc6 46. Nxf4 a4 47. Nd5 b3 48. axb3 axb3 49. Nb6+ Kb7 50. c8Q+ Kxb6 51. Qxc6+ Kxc6 52. d7 1-0

[Event "Condom op 10th"]
[Site "Condom"]
[Date "2010.07.10"]
[Round "1"]
[White "Viers, Mathieu"]
[Black "Mouret, Arnaud"]
[Result "1-0"]
[WhiteElo "1691"]
[BlackElo "1497"]
[PlyCount "41"]
[EventDate "2010.07.??"]
[EventType "swiss"]
[EventRounds "9"]
[EventCountry "FRA"]
[SourceTitle "EXT 2011"]
[Source "ChessBase"]
[SourceDate "2010.11.26"]
[SourceVersion "1"]
[SourceVersionDate "2010.11.26"]
[SourceQuality "1"]

1. e4 e5 2. Nf3 Nf6 3. d3 Nc6 4. c3 d5 5. exd5 Nxd5 6. Be2 Bd6 7. Nbd2 0-0 8. Ne4 Be6 9. c4 Nf6 10. Bg5 Be7 11. Bxf6 Bxf6 12. 0-0 Nd4 13. Nxf6+ Qxf6 14. Nxd4 exd4 15. Bf3 Rab8 16. h3 Qg6 17. Be4 Qg5 18. Qf3 b6 19. b4 c5 20. a3 Qd2 21. b5 1-0